000 01018cam a2200313 i 4500
999 _c6402
_d6402
001 18126519
003 GZU
005 20210422115935.0
008 140424s2014 vtu b 001 0 eng
010 _a 2014011279
020 _a9781472442536 (pbk : alk. paper)
040 _aDLC
_beng
_cDLC
_erda
_dDLC
042 _apcc
050 0 0 _aT56.8
_b.LOC 2014
082 0 0 _a658.4/04
_223
100 1 _aLock, Dennis.
245 1 4 _aThe essentials of project management /
_cDennis Lock.
250 _aFourth Edition.
264 1 _aBurlington, VT, USA :
_bGower
_c[2014]
300 _axi, 213 pages ;
_c25 cm
336 _atext
_btxt
_2rdacontent
337 _aunmediated
_bn
_2rdamedia
338 _avolume
_bnc
_2rdacarrier
504 _aIncludes bibliographical references and index.
650 0 _aProject management.
906 _a7
_bcbc
_corignew
_d1
_eecip
_f20
_gy-gencatlg
942 _2lcc
_cBK
_e4th ed.
_h568
_iLOC
_kT